| 000 | 00898nam a22001937a 4500 | ||
|---|---|---|---|
| 999 |
_c63498 _d63498 |
||
| 003 | Ge_BSU | ||
| 005 | 20251020152430.0 | ||
| 008 | 251020s1972 ge ||||| |||| 00| 0 geo d | ||
| 041 | _ageo | ||
| 080 | _a63(479.22) მ-27 | ||
| 100 |
_aმანია, მიხეილ _926070 |
||
| 245 |
_aუხვად, იაფად / _cმიხეილ მანია. |
||
| 264 |
_aთბილისი : _bსაბჭ. საქართველო, _c1972. |
||
| 300 |
_a46 გვ. ; _b17 სმ. |
||
| 490 | _aსკკპ XXIV ყრილობის გადაწყვეტილებანი ცხოვრებაში | ||
| 653 | _aსაქართველოს სოფლის მეურნეობა. | ||
| 653 | _aსაქართველოს სოფლის მეურნეობის ეკონომიკა. | ||
| 942 |
_2udc _cᲬᲘᲒᲜᲘ |
||